000 00278nam a22001337a 4500
008 181011b xxu||||| |||| 00| 0 eng d
020 _a\
041 _aeng
080 _a821
100 _a21
101 _aGJL
245 _aCritical Survey of Drama
_cMagill
942 _2udc
_cBK
999 _c49452
_d49452